Cargando...

Fifty years of Indian agriculture-Vol.1

Detalles Bibliográficos
Autor principal: Ali Mohammad
Formato: Printed Book
Lenguaje:Undetermined
Publicado: New Delhi Concept publishing company 2007
Materias:
LEADER 00798nam a2200265Ia 4500
008 141004s9999 xx 000 0 und d
020 |a 81 8069 360 0 
040 |c a 
041 |a English 
082 |a 630 
082 |b MOH/FI 
100 |a Ali Mohammad 
245 |a Fifty years of Indian agriculture-Vol.1 
245 |c Ali Mohammad 
260 |a New Delhi 
260 |b Concept publishing company 
260 |c 2007 
300 |a 339 p.  
300 |b 21.5 cm 
365 |a Rs.1500  
501 |a COF  
650 |a Indian agriculture 
942 |c BK 
999 |c 174226  |d 174226 
952 |0 0  |1 0  |4 0  |6 630_200000000000000  |7 0  |9 179240  |a KAUCOF  |b KAUCOF  |d 2040-10-01  |f 12A2  |g 1500.00  |o 630.2  |p KAU_COF-4966  |r 2014-10-04  |w 2014-10-04  |y BK